| 000 | 01163cac a2200349 i 4500 | ||
|---|---|---|---|
| 003 | EG-GICUC | ||
| 005 | 20260121101533.0 | ||
| 008 | 980319s1999 caua frb 001 0 eng d | ||
| 020 |
_a053454729X _qacid-free paper |
||
| 040 |
_aDLC _cDLC _dDLC _dEG-GICUC _beng _erda |
||
| 043 | _an-us--- | ||
| 050 | 0 | 0 |
_aKF9223 _b.S466 1999 |
| 082 | 0 | 0 |
_a343.3073 _221 |
| 092 | 0 | 4 | _221 |
| 099 | _aLaw 10 1999 | ||
| 100 | 1 | _aSenna, Joseph J. | |
| 245 | 1 | 0 |
_aIntroduction to criminal justice / _cJoseph J. Senna, Larry J. Siegel. |
| 250 | _a8th edition. | ||
| 264 |
_aBelmont, CA : _bWest/Wadsworth, _c1999. |
||
| 300 |
_axxiii, 658 page : _bcolor illustrations ; _c29 cm. |
||
| 336 |
_atext _btxt _2rdacontent |
||
| 337 |
_aunmediated _bn _2rdamedia |
||
| 338 |
_avolume _bnc _2rdacarrier |
||
| 504 | _aIncludes bibliographical references and indexes. | ||
| 650 | 0 |
_aCriminal justice, Administration of _zUnited States. |
|
| 650 | 0 |
_aCriminal law _zUnited States. |
|
| 650 | 0 |
_aCriminal procedure _zUnited States. |
|
| 700 | 1 |
_aSiegel, Larry J., _d1947- |
|
| 856 | 4 | 0 | _uhttps://fll.law.cu.edu.eg/fulltext/bks/ENGB10-00077.pdf |
| 905 | _a10 | ||
| 942 |
_2ddc _cBK _e21 _n0 |
||
| 999 |
_c52198 _d52198 |
||